| 000 | 00488nam a22001697a 4500 | ||
|---|---|---|---|
| 999 |
_c6361 _d6361 |
||
| 008 | 150923b xxu||||| |||| 00| 0 eng d | ||
| 020 | _a9780073404615 | ||
| 050 | _aRA 440 .T43 2009 | ||
| 100 | _aTeague Michael L. | ||
| 245 | _aYour Health Today | ||
| 260 |
_aNew York _bMcGraw-Hill _c2009 |
||
| 300 |
_ax, 434p,: _bill,; _c27cm |
||
| 650 | _ayour health today brief | ||
| 700 | _aMackenzia Sara | ||
| 700 | _aRosenthal David M. | ||
| 760 | _b2nd ed | ||
| 942 |
_2lcc _cBOOKS _hRA 440 .T43 2009 |
||